[Event "GER CupT"]
[Site "Germany"]
[Date "2023.01.28"]
[Round "1.1"]
[White "Yakovenko, Oleg"]
[Black "Grawe, Christian"]
[Result "1/2-1/2"]
[WhiteElo "2232"]
[BlackElo "2278"]
[PlyCount "184"]
[EventDate "2023.01.28"]
[EventType "team-k.o."]
[EventRounds "4"]
[EventCountry "GER"]
[SourceTitle "EXT 2024"]
[Source "ChessBase"]
[SourceDate "2023.10.10"]
[SourceVersion "1"]
[SourceVersionDate "2023.10.10"]
[SourceQuality "1"]
[WhiteTeam "Kaiserslautern"]
[BlackTeam "Groebenzell"]
[WhiteTeamCountry "GER"]
[BlackTeamCountry "GER"]

1. Nf3 d5 2. d4 Nf6 3. c4 c6 4. e3 Bf5 5. Nc3 e6 6. Nh4 Be4 7. f3 Bg6 8. Qb3 Qb6 9. Nxg6 hxg6 10. Kf2 Nbd7 11. Bd2 Be7 12. Qxb6 axb6 13. Be2 0-0 14. g4 dxc4 15. a4 e5 16. Bxc4 exd4 17. exd4 Rfd8 18. Bf4 g5 19. Bc7 Rdc8 20. Bg3 Nf8 21. h4 gxh4 22. Bxh4 b5 23. axb5 Rxa1 24. Rxa1 Nxg4+ 25. fxg4 Bxh4+ 26. Kf3 cxb5 27. Bb3 Ne6 28. Nxb5 Bf6 29. Ra7 Nxd4+ 30. Nxd4 Bxd4 31. Rxb7 Bxb2 32. Bxf7+ Kf8 33. Bd5 Bf6 34. Kf4 Rc5 35. Ke4 Ra5 36. Rd7 Ke8 37. Rb7 Kf8 38. Bb3 Re5+ 39. Kf3 Rc5 40. Ke4 Re5+ 41. Kf4 Ra5 42. Be6 Bg5+ 43. Ke4 Bf6 44. Bf5 Re5+ 45. Kf4 Ra5 46. Bg6 Rd5 47. Ke4 Ra5 48. Rf7+ Kg8 49. Rd7 Kf8 50. Bf5 Re5+ 51. Kf4 Ra5 52. Be6 Bg5+ 53. Ke4 Bf6 54. Bd5 Ke8 55. Rb7 Kf8 56. Bc4 Re5+ 57. Kf4 Ra5 58. Bb5 Ra1 59. g5 Bd4 60. Ke4 Bc3 61. Kf5 Re1 62. g6 Re5+ 63. Kf4 Rc5 64. Rf7+ Kg8 65. Re7 Rc8 66. Bc6 Bd2+ 67. Ke4 Rf8 68. Bd5+ Kh8 69. Bf7 Bg5 70. Re5 Bh6 71. Rb5 Rd8 72. Kf5 Ra8 73. Ke6 Ra6+ 74. Ke7 Ra7+ 75. Kf8 Ra8+ 76. Be8 Rc8 77. Rh5 Rc7 78. Bf7 Rc8+ 79. Ke7 Rc7+ 80. Kd6 Rc6+ 81. Kd7 Rc7+ 82. Ke6 Rc6+ 83. Ke5 Re6+ 84. Kd4 Re4+ 85. Kd3 Rd4+ 86. Kc3 Rc4+ 87. Kb2 Rc2+ 88. Ka3 Ra2+ 89. Kb4 Ra4+ 90. Kc3 Rc4+ 91. Kd3 Rd4+ 92. Kc3 Rc4+ 1/2-1/2

[Event "Zweibruecken PSB-ch MTB 82nd"]
[Site "Zweibruecken"]
[Date "2013.03.23"]
[Round "2"]
[White "Goettel, Tobias"]
[Black "Yakovenko, Oleg"]
[Result "1/2-1/2"]
[WhiteElo "1980"]
[BlackElo "2111"]
[PlyCount "46"]
[EventDate "2013.??.??"]
[EventType "tourn"]
[EventRounds "9"]
[EventCountry "GER"]
[SourceTitle "EXT 2014"]
[Source "ChessBase"]
[SourceDate "2013.11.20"]
[SourceVersion "1"]
[SourceVersionDate "2013.11.20"]
[SourceQuality "1"]

1. e4 c5 2. c3 e5 3. Nf3 Nc6 4. Bc4 Nf6 5. 0-0 Nxe4 6. Re1 Nd6 7. Nxe5 Be7 8. Bb3 0-0 9. d4 cxd4 10. cxd4 Nf5 11. d5 Nxe5 12. Rxe5 d6 13. Re1 Nh4 14. Nc3 Ng6 15. Be3 Bd7 16. Rc1 Bf6 17. Qd2 Re8 18. Bc4 a6 19. Ne2 Bb5 20. Bxb5 axb5 21. a3 Ne5 22. Bd4 Qd7 23. Bc3 Nc4 1/2-1/2

[Event "GER-ch U18"]
[Site "Oberhof"]
[Date "2010.05.28"]
[Round "8"]
[White "Yakovenko, Oleg"]
[Black "Schneider, Jens"]
[Result "1-0"]
[WhiteElo "2015"]
[BlackElo "1980"]
[PlyCount "83"]
[EventDate "2010.05.22"]
[EventType "swiss"]
[EventRounds "9"]
[EventCountry "GER"]
[SourceTitle "CBM 136 Extra"]
[Source "ChessBase"]
[SourceDate "2010.07.02"]
[SourceVersion "2"]
[SourceVersionDate "2010.07.15"]
[SourceQuality "1"]

1. d4 d5 2. Nf3 c6 3. c4 e6 4. e3 f5 5. Bd3 Nf6 6. 0-0 Bd6 7. b3 Qe7 8. a4 0-0 9. Ba3 Bxa3 10. Nxa3 Ne4 11. Nd2 Qf6 12. Bxe4 fxe4 13. f3 exf3 14. Rxf3 Qe7 15. Rxf8+ Qxf8 16. e4 Bd7 17. Qe2 Na6 18. Nc2 Re8 19. Rf1 Qe7 20. Nf3 Bc8 21. Ne5 Rf8 22. c5 Nc7 23. Rxf8+ Kxf8 24. b4 a6 25. Ne3 Bd7 26. Qg4 Be8 27. h4 Bd7 28. Qg5 Qxg5 29. hxg5 Ke7 30. exd5 Nxd5 31. Nxd5+ exd5 32. Kf2 Be8 33. Ke3 Ke6 34. Kf4 Bh5 35. g6 Bxg6 36. Nxg6 hxg6 37. Kg5 Kf7 38. a5 Kf8 39. Kxg6 Kg8 40. g4 Kf8 41. Kh7 Kf7 42. g5 1-0

[Event "GER-ch U18"]
[Site "Oberhof"]
[Date "2010.05.25"]
[Round "5"]
[White "Marx, Joschka"]
[Black "Yakovenko, Oleg"]
[Result "1/2-1/2"]
[WhiteElo "2029"]
[BlackElo "2015"]
[PlyCount "74"]
[EventDate "2010.05.22"]
[EventType "swiss"]
[EventRounds "9"]
[EventCountry "GER"]
[SourceTitle "CBM 136 Extra"]
[Source "ChessBase"]
[SourceDate "2010.07.02"]
[SourceVersion "2"]
[SourceVersionDate "2010.07.15"]
[SourceQuality "1"]

1. a3 d5 2. e3 Nf6 3. Nf3 Bf5 4. c4 e6 5. Nc3 c6 6. cxd5 exd5 7. b3 Bd6 8. Bb2 0-0 9. d3 Nbd7 10. Ne2 Qe7 11. Ng3 Bg6 12. Be2 Rfe8 13. 0-0 Nc5 14. Nh4 Bc7 15. Nxg6 hxg6 16. Rc1 Bd6 17. b4 Ne6 18. Re1 a5 19. b5 cxb5 20. Qb3 Nc7 21. Bxf6 gxf6 22. Bf3 Rac8 23. Bxd5 Nxd5 24. Qxd5 Bxg3 25. hxg3 Qxa3 26. Ra1 Qc3 27. Qxb5 Ra8 28. Qxb7 Qxd3 29. Qb6 Re6 30. Qb2 Rea6 31. Red1 Qe4 32. Qd4 Qxd4 33. Rxd4 a4 34. Ra3 f5 35. Kf1 Kg7 36. Ke2 Kf6 37. Kf3 R6a7 1/2-1/2

[Event "GER-ch U18"]
[Site "Oberhof"]
[Date "2010.05.25"]
[Round "4"]
[White "Yakovenko, Oleg"]
[Black "Zhou, Syang"]
[Result "0-1"]
[WhiteElo "2015"]
[BlackElo "2206"]
[PlyCount "134"]
[EventDate "2010.05.22"]
[EventType "swiss"]
[EventRounds "9"]
[EventCountry "GER"]
[SourceTitle "CBM 136 Extra"]
[Source "ChessBase"]
[SourceDate "2010.07.02"]
[SourceVersion "2"]
[SourceVersionDate "2010.07.15"]
[SourceQuality "1"]

1. d4 Nf6 2. Nf3 g6 3. c4 Bg7 4. Nc3 0-0 5. e4 d6 6. h3 c5 7. Be3 cxd4 8. Nxd4 Nc6 9. Be2 Nxd4 10. Bxd4 Be6 11. 0-0 Rc8 12. b3 Qa5 13. Nd5 Bxd5 14. exd5 Nd7 15. Bxg7 Kxg7 16. Qd4+ Kg8 17. a3 Qc5 18. Qb2 Qb6 19. Kh1 f5 20. Rab1 a5 21. f4 Rc7 22. b4 Rfc8 23. Rbe1 axb4 24. axb4 Nc5 25. Kh2 Ne4 26. Bd3 Rxc4 27. Bxc4 Rxc4 28. Ra1 Qd4 29. Qxd4 Rxd4 30. Rfb1 Nc3 31. Rb2 Nxd5 32. g3 b5 33. Ra5 Nxb4 34. Rxb5 Nd3 35. Re2 Kf7 36. Rb7 Re4 37. Rxe4 fxe4 38. Kg2 h5 39. Ra7 h4 40. Ra3 Kf6 41. Ra8 e3 42. Kf3 hxg3 43. Kxe3 g2 44. Ra1 Nb4 45. Kf3 Nd3 46. Kxg2 Nxf4+ 47. Kg3 Kf5 48. h4 e5 49. Kf3 d5 50. Ra8 e4+ 51. Kg3 Nh5+ 52. Kf2 d4 53. Rf8+ Ke5 54. Re8+ Kd5 55. Rd8+ Kc4 56. Rc8+ Kd3 57. Ra8 Nf4 58. Ra3+ Kc4 59. Ra4+ Kc3 60. Ra3+ Kb4 61. Ra8 e3+ 62. Kf3 e2 63. Ra1 d3 64. Ke3 Kc3 65. Rc1+ Kb2 66. Rg1 Kc2 67. Ra1 Ng2+ 0-1

[Event "GER-chT WK 3 U16"]
[Site "Kiel"]
[Date "2007.05.17"]
[Round "4.2"]
[White "Chen, Roger"]
[Black "Yakovenko, Oleg"]
[Result "0-1"]
[WhiteElo "1260"]
[BlackElo "1726"]
[PlyCount "73"]
[EventDate "2007.05.17"]
[EventType "team-swiss"]
[EventRounds "7"]
[EventCountry "GER"]
[SourceTitle "EXT 2008"]
[Source "ChessBase"]
[SourceDate "2007.11.25"]
[SourceVersion "1"]
[SourceVersionDate "2007.11.25"]
[SourceQuality "1"]

1. d4 Nf6 2. c4 e6 3. Nc3 Bb4 4. Bd2 0-0 5. Nf3 b6 6. Qc2 Bb7 7. e3 c5 8. Bd3 cxd4 9. exd4 d5 10. Ng5 h6 11. Nf3 dxc4 12. Bxc4 Nc6 13. Be3 Rc8 14. Bd3 Bxc3+ 15. bxc3 Nb4 16. Qd2 Nxd3+ 17. Qxd3 Qc7 18. Ne5 Qxc3+ 19. Qxc3 Rxc3 20. Rd1 Rfc8 21. Rg1 Rc2 22. g4 Rxa2 23. g5 hxg5 24. Bxg5 Rcc2 25. Nd3 Kf8 26. Rc1 Nd7 27. Rxc2 Rxc2 28. Be3 a5 29. Kd1 Ra2 30. Kc1 Ra1+ 31. Kb2 Rxg1 32. f3 Rg2+ 33. Ka3 Nf6 34. Ne5 Ke7 35. Ka4 g6 36. Nd3 Bc6+ 37. Ka3 0-1

[Event "GER-ch U12"]
[Site "Willingen"]
[Date "2004.05.30"]
[Round "2"]
[White "Yakovenko, Oleg"]
[Black "Dzodziev, Daniel"]
[Result "0-1"]
[WhiteElo "1365"]
[BlackElo "1544"]
[PlyCount "82"]
[EventDate "2004.06.??"]
[EventType "swiss"]
[EventRounds "11"]
[EventCountry "GER"]
[SourceTitle "EXT 2005"]
[Source "ChessBase"]
[SourceDate "2004.11.15"]
[SourceVersion "1"]
[SourceVersionDate "2004.11.15"]
[SourceQuality "1"]

1. e4 e5 2. Nf3 Nc6 3. Bb5 Nf6 4. 0-0 Bc5 5. d3 d6 6. Bg5 Bd7 7. Nc3 h6 8. Bh4 g5 9. Bg3 Qe7 10. Qd2 0-0-0 11. h4 g4 12. Nh2 Nh5 13. Kh1 Rdf8 14. Nd5 Qe6 15. b4 Bb6 16. a4 a6 17. Bc4 Qe8 18. b5 axb5 19. axb5 Nb8 20. Nxb6+ cxb6 21. Qc3 Kd8 22. Ra8 Nxg3+ 23. fxg3 Ke7 24. Qb3 h5 25. Rfa1 Be6 26. Bd5 Qd7 27. R1a7 Rc8 28. Rxb7 Qxb7 29. Bxb7 Bxb3 30. Bxc8 Rxc8 31. c4 Kd8 32. Nf1 Nd7 33. Ra3 Nc5 34. Ne3 Kc7 35. Ra7+ Kb8 36. Rxf7 Nxd3 37. Nd5 Rxc4 38. Nxb6 Rc1+ 39. Kh2 Bxf7 40. Nd5 Bxd5 41. exd5 Kc7 0-1